00665nam a2200193Ia 4500003000500000008004100005020001800046040001900064082000700083100001700090100002100107245011500128246011400243260003600357300001000393365000800403546001200411700004800423STCL230726s9999 xx 000 0 und d a9789326191166 aSTCLcSTCLbEN 222 aGoyal, Priya aSahni, Janmenjay 0aIAS mains general studies paper 1: Indian heritage and culture, history and geography of the world and society aIAS mains general studies paper 1: Indian heritage and culture history and geography of the world and society bArihant PublicationsaNew Delhi a804 p b610 aEnglish aSharma, Prajjwal; Ali, Azmat, Sharma, Vivek